[Event "XtraCon-Skakligaen"]
[Site "Denmark"]
[Date "2015.01.10"]
[Round "4.3"]
[White "Aabling Thomsen, Jakob"]
[Black "Sylvan, Jacob"]
[Result "1-0"]
[WhiteElo "2316"]
[BlackElo "2315"]
[PlyCount "105"]
[EventDate "2014.10.25"]
[EventType "team-tourn"]
[EventRounds "9"]
[EventCountry "DEN"]
[WhiteTeam "Bronshoj"]
[BlackTeam "Nordkalotten"]
[WhiteTeamCountry "DEN"]
[BlackTeamCountry "DEN"]

1. e4 c5 2. Nf3 e6 3. d3 d5 4. Qe2 dxe4 5. dxe4 Nc6 6. c3 Nf6 7. Bf4 Be7 8. Qc2
Nh5 9. Be3 e5 10. Bb5 Qc7 11. Bxc6+ bxc6 12. O-O O-O 13. Nbd2 Nf4 14. Bxf4 exf4
15. e5 f6 16. Rfe1 fxe5 17. Nxe5 Bf6 18. Qb3+ Kh8 19. Nf7+ Kg8 20. Nd6+ Kh8 21.
Ne8 Qd8 22. Nxf6 Qxf6 23. Ne4 Qg6 24. f3 Be6 25. c4 Rab8 26. Qc3 Rf5 27. Rad1
Bg8 28. b3 Re8 29. Rd6 Re6 30. Rxe6 Bxe6 31. Qa5 h6 32. Qxa7 Kh7 33. Re2 Rf7
34. Qxc5 Rd7 35. Qf2 Bf5 36. h3 Bxh3 37. Qh4 Rd1+ 38. Kh2 Bf5 39. Qxf4 Qh5+ 40.
Kg3 Rf1 41. Qh4 Qg6+ 42. Kh2 Ra1 43. c5 Kg8 44. Ng3 Be6 45. Qd4 Rb1 46. Qd6 Bf7
47. Qxg6 Bxg6 48. Re6 Bf7 49. Rxc6 Ra1 50. Rc8+ Kh7 51. Rf8 Bd5 52. Rd8 Be6 53.
Rd2 1-0

[Event "XtraCon-Skakligaen"]
[Site "Denmark"]
[Date "2015.01.10"]
[Round "4.4"]
[White "Kristensen, Kaare Hove"]
[Black "Pilgaard, Kim"]
[Result "1-0"]
[WhiteElo "2335"]
[BlackElo "2400"]
[PlyCount "45"]
[EventDate "2014.10.25"]
[EventType "team-tourn"]
[EventRounds "9"]
[EventCountry "DEN"]
[WhiteTeam "Nordkalotten"]
[BlackTeam "Bronshoj"]
[WhiteTeamCountry "DEN"]
[BlackTeamCountry "DEN"]

1. Nf3 c5 2. c4 Nf6 3. Nc3 e6 4. e3 d5 5. d4 cxd4 6. exd4 Be7 7. c5 O-O 8. Qc2
b6 9. b4 a5 10. Na4 Nfd7 11. b5 bxc5 12. dxc5 Qc7 13. Ba3 Ne5 14. Nd4 Nec6 15.
Nxc6 Nxc6 16. Bb2 Nb4 17. Qd2 d4 18. a3 Qe5+ 19. Be2 Nd5 20. Bxd4 Qe4 21. O-O
Rd8 22. Bf3 Qg6 23. c6 1-0

[Event "XtraCon-Skakligaen"]
[Site "Denmark"]
[Date "2015.01.10"]
[Round "4.5"]
[White "Bromann, Thorbjorn"]
[Black "Pedersen, Daniel V"]
[Result "1-0"]
[WhiteElo "2438"]
[BlackElo "2254"]
[PlyCount "82"]
[EventDate "2014.10.25"]
[EventType "team-tourn"]
[EventRounds "9"]
[EventCountry "DEN"]
[WhiteTeam "Bronshoj"]
[BlackTeam "Nordkalotten"]
[WhiteTeamCountry "DEN"]
[BlackTeamCountry "DEN"]

1. d4 d5 2. Bg5 h6 3. Bh4 c6 4. Nf3 Qb6 5. Qc1 Bf5 6. e3 e6 7. c4 Be7 8. Bg3
Nf6 9. Nc3 O-O 10. Be2 dxc4 11. Nd2 Qd8 12. Nxc4 Ne4 13. Nxe4 Bxe4 14. O-O Bh7
15. Qc3 Nd7 16. a3 Bh4 17. Bxh4 Qxh4 18. b4 Qe7 19. Rfd1 Nb6 20. Na5 Rfd8 21.
Rac1 Nc8 22. f3 Nd6 23. e4 a6 24. Bf1 Bg6 25. Qc5 Qd7 26. Qb6 Rab8 27. d5 Nc8
28. dxc6 Qxd1 29. Rxd1 Nxb6 30. c7 Rdc8 31. cxb8=Q Rxb8 32. Rd6 Na4 33. Rd7 b5
34. Ra7 Rb6 35. Ra8+ Kh7 36. Kf2 Nc3 37. Rd8 f5 38. Rd3 Nb1 39. Ke3 e5 40. Rb3
fxe4 41. Rxb1 exf3 1-0

[Event "XtraCon-Skakligaen"]
[Site "Denmark"]
[Date "2015.01.10"]
[Round "4.6"]
[White "Hove, Esben Kjems"]
[Black "Palm, Nikolaj"]
[Result "1/2-1/2"]
[WhiteElo "2224"]
[BlackElo "2340"]
[PlyCount "88"]
[EventDate "2014.10.25"]
[EventType "team-tourn"]
[EventRounds "9"]
[EventCountry "DEN"]
[WhiteTeam "Nordkalotten"]
[BlackTeam "Bronshoj"]
[WhiteTeamCountry "DEN"]
[BlackTeamCountry "DEN"]

1. d4 d5 2. Bg5 h6 3. Bh4 c6 4. e3 Qb6 5. b3 e5 6. c3 Nd7 7. Nf3 e4 8. Nfd2 Ne7
9. f3 Nf5 10. Bf2 exf3 11. Qxf3 Nf6 12. e4 dxe4 13. Nxe4 Nxe4 14. Qxe4+ Be6 15.
Be2 Be7 16. O-O Qc7 17. Nd2 O-O-O 18. Bc4 Bxc4 19. Nxc4 g6 20. Rae1 h5 21. Ne3
Nd6 22. Qf3 Qd7 23. Bg3 Rhf8 24. Bxd6 Bxd6 25. Nc4 f5 26. Qe3 Rf6 27. Qg5 Re6
28. Re3 Rde8 29. Rfe1 Rxe3 30. Rxe3 Rxe3 31. Qxe3 Kc7 32. g3 b6 33. Kg2 Kb7 34.
a4 Bc7 35. Ne5 Qd5+ 36. Qf3 Qe6 37. c4 Qf6 38. Qe3 g5 39. Nd3 f4 40. Qe4 fxg3
41. hxg3 g4 42. Ne5 Qh6 43. b4 Qd2+ 44. Kg1 Qd1+ 1/2-1/2

[Event "XtraCon-Skakligaen"]
[Site "Denmark"]
[Date "2015.01.10"]
[Round "4.7"]
[White "Greger, Roland Reinhard"]
[Black "Ejsing, Esben"]
[Result "1-0"]
[WhiteElo "2331"]
[BlackElo "2190"]
[PlyCount "77"]
[EventDate "2014.10.25"]
[EventType "team-tourn"]
[EventRounds "9"]
[EventCountry "DEN"]
[WhiteTeam "Bronshoj"]
[BlackTeam "Nordkalotten"]
[WhiteTeamCountry "DEN"]
[BlackTeamCountry "DEN"]

1. e4 c5 2. Nf3 e6 3. d3 Nc6 4. g3 d6 5. Bg2 g6 6. O-O Bg7 7. c3 Nge7 8. Be3
O-O 9. Qd2 Rb8 10. Bh6 e5 11. Bxg7 Kxg7 12. d4 f6 13. Na3 b5 14. d5 b4 15. cxb4
Nxb4 16. Nc4 Ba6 17. Rfc1 Bxc4 18. Rxc4 Nc8 19. Bf1 Rb6 20. a3 Na6 21. b4 Rf7
22. Rac1 Rfb7 23. R4c3 Ne7 24. Bxa6 Rxa6 25. bxc5 dxc5 26. Qd3 Qa5 27. Rxc5
Qxa3 28. Qxa3 Rxa3 29. Rc7 Rxc7 30. Rxc7 Kf8 31. Kg2 Ra6 32. Ne1 Ke8 33. Nd3
Kd8 34. Rb7 Ra2 35. Nb4 Ra4 36. d6 Kc8 37. dxe7 Kxb7 38. e8=Q Rxb4 39. Qe7+ 1-0

[Event "XtraCon-Skakligaen"]
[Site "Denmark"]
[Date "2015.01.10"]
[Round "4.8"]
[White "Nielsen, Lars Aaes"]
[Black "Junge, Ralph"]
[Result "1-0"]
[WhiteElo "2237"]
[BlackElo "2271"]
[PlyCount "81"]
[EventDate "2014.10.25"]
[EventType "team-tourn"]
[EventRounds "9"]
[EventCountry "DEN"]
[WhiteTeam "Nordkalotten"]
[BlackTeam "Bronshoj"]
[WhiteTeamCountry "DEN"]
[BlackTeamCountry "DEN"]

1. e4 e5 2. Nf3 Nc6 3. Bb5 a6 4. Bxc6 dxc6 5. O-O Qd6 6. d4 exd4 7. Nxd4 Bd7 8.
e5 Qg6 9. Nc3 O-O-O 10. Nce2 c5 11. Nf4 Qe4 12. Nf3 Bb5 13. Nd3 c4 14. Qe1 Qf5
15. a4 Bc6 16. Nf4 Bxf3 17. gxf3 g5 18. Ng2 Qxc2 19. Bxg5 Re8 20. Qc1 Qg6 21.
Bf4 Qc6 22. Qc2 Bh6 23. Bg3 Ne7 24. Ne3 Bxe3 25. fxe3 Nd5 26. Qe4 Kb8 27. Rfc1
c3 28. bxc3 f5 29. Qd3 Rd8 30. Rd1 Nxc3 31. Qxd8+ Rxd8 32. Rxd8+ Ka7 33. Kf2
Nxa4 34. e6 Qc2+ 35. Kg1 Nc3 36. e7 Ne2+ 37. Kh1 Nxg3+ 38. hxg3 Qf2 39. e8=Q
Qxf3+ 40. Kh2 Qe2+ 41. Kg1 1-0

[Event "XtraCon-Skakligaen"]
[Site "Denmark"]
[Date "2015.01.10"]
[Round "4.1"]
[White "Fries Nielsen, Niels Jorgen"]
[Black "Andersen, Mads"]
[Result "0-1"]
[WhiteElo "2329"]
[BlackElo "2485"]
[PlyCount "66"]
[EventDate "2014.10.25"]
[EventType "team-tourn"]
[EventRounds "9"]
[EventCountry "DEN"]
[WhiteTeam "Esbjerg"]
[BlackTeam "Skanderborg"]
[WhiteTeamCountry "DEN"]
[BlackTeamCountry "DEN"]

1. d4 d5 2. g3 Nf6 3. Bg2 c6 4. Nf3 Bg4 5. h3 Bh5 6. g4 Bg6 7. Ne5 Nbd7 8. Nc3
e6 9. Nxg6 hxg6 10. Bf4 Bb4 11. Qd3 Qa5 12. O-O Bxc3 13. bxc3 Nb6 14. Bc7 Rc8
15. Bxb6 axb6 16. Rfb1 O-O 17. a4 Ne8 18. Rb4 b5 19. e4 Nd6 20. e5 Nc4 21. f4
Ra8 22. f5 gxf5 23. gxf5 exf5 24. Qxf5 bxa4 25. Raxa4 Qxa4 26. Rxa4 Rxa4 27. e6
Ra1+ 28. Kh2 Re1 29. Bxd5 cxd5 30. Qxd5 Ne3 31. Qd7 Nf1+ 32. Kg2 fxe6 33. Qxb7
Ne3+ 0-1

[Event "XtraCon-Skakligaen"]
[Site "Denmark"]
[Date "2015.01.10"]
[Round "4.2"]
[White "Palo, Davor"]
[Black "Poulsen, Iver"]
[Result "1-0"]
[WhiteElo "2558"]
[BlackElo "2095"]
[PlyCount "83"]
[EventDate "2014.10.25"]
[EventType "team-tourn"]
[EventRounds "9"]
[EventCountry "DEN"]
[WhiteTeam "Skanderborg"]
[BlackTeam "Esbjerg"]
[WhiteTeamCountry "DEN"]
[BlackTeamCountry "DEN"]

1. d4 d5 2. c4 e6 3. Nf3 c6 4. Qc2 Nf6 5. Bg5 h6 6. Bxf6 Qxf6 7. g3 g6 8. Bg2
Bg7 9. O-O O-O 10. Nbd2 Nd7 11. e4 dxc4 12. Nxc4 Qe7 13. Rfe1 Nb6 14. e5 Nxc4
15. Qxc4 Bd7 16. Nd2 Rfd8 17. Ne4 Be8 18. Rad1 Rd7 19. a3 Rad8 20. Nc5 Rc7 21.
b4 Kh7 22. h4 h5 23. Qc3 Bd7 24. Ne4 Bc8 25. Qf3 Rcd7 26. Qf4 a5 27. Nf6+ Bxf6
28. exf6 Qf8 29. Re5 Qh6 30. Rg5 axb4 31. axb4 Kg8 32. Bf3 Kh7 33. Rxh5 gxh5
34. Be4+ Qg6 35. Bxg6+ fxg6 36. Rd3 Rf7 37. Re3 Rdf8 38. Rf3 b6 39. Qd6 Bb7 40.
Rf4 Ra8 41. Qxe6 Ra1+ 42. Kh2 1-0

[Event "XtraCon-Skakligaen"]
[Site "Denmark"]
[Date "2015.01.10"]
[Round "4.3"]
[White "Bonnelykke, Ole"]
[Black "Svane, Rasmus"]
[Result "0-1"]
[WhiteElo "2045"]
[BlackElo "2506"]
[PlyCount "88"]
[EventDate "2014.10.25"]
[EventType "team-tourn"]
[EventRounds "9"]
[EventCountry "DEN"]
[WhiteTeam "Esbjerg"]
[BlackTeam "Skanderborg"]
[WhiteTeamCountry "DEN"]
[BlackTeamCountry "DEN"]

1. e4 c5 2. Nc3 Nc6 3. d3 e6 4. g3 Nf6 5. Bg2 Be7 6. f4 d5 7. Nh3 O-O 8. O-O
Rb8 9. Ng5 dxe4 10. Ngxe4 Nd4 11. Nxf6+ Bxf6 12. Ne4 Be7 13. c3 Nf5 14. Qe2 b6
15. Be3 Ba6 16. Rfd1 Rb7 17. g4 Nxe3 18. Qxe3 Rd7 19. d4 cxd4 20. Rxd4 Rxd4 21.
cxd4 Qd7 22. Rd1 Rd8 23. g5 Bb7 24. Bf3 Rc8 25. Nc3 Bb4 26. h4 Bxc3 27. bxc3 g6
28. Rd2 Bxf3 29. Qxf3 Qc7 30. Rd3 Rd8 31. Re3 Qc4 32. Qe2 Qc7 33. Qf3 Qc4 34.
Qe2 Qd5 35. h5 Qf5 36. hxg6 hxg6 37. Qh2 Rd5 38. Qf2 Rb5 39. Re2 Qg4+ 40. Kh2
Rb1 41. Re3 Qh5+ 42. Rh3 Rh1+ 43. Kxh1 Qxh3+ 44. Kg1 Qxc3 0-1

[Event "XtraCon-Skakligaen"]
[Site "Denmark"]
[Date "2015.01.10"]
[Round "4.4"]
[White "Semcesen, Daniel"]
[Black "Hartvig, Ove Weiss"]
[Result "1-0"]
[WhiteElo "2480"]
[BlackElo "2199"]
[PlyCount "87"]
[EventDate "2014.10.25"]
[EventType "team-tourn"]
[EventRounds "9"]
[EventCountry "DEN"]
[WhiteTeam "Skanderborg"]
[BlackTeam "Esbjerg"]
[WhiteTeamCountry "DEN"]
[BlackTeamCountry "DEN"]

1. d4 Nf6 2. c4 c5 3. d5 d6 4. Nc3 g6 5. e4 Bg7 6. h3 O-O 7. Nf3 Na6 8. Bd3 Nc7
9. a4 Na6 10. O-O Nb4 11. Be2 e5 12. dxe6 fxe6 13. Bg5 Nc6 14. Re1 e5 15. Nd5
Be6 16. Ra3 Qd7 17. Bf1 Nd4 18. Nxd4 exd4 19. Rf3 Nh5 20. Be2 Bxd5 21. exd5 Rf5
22. Rxf5 Qxf5 23. Qd2 Nf6 24. Bd3 Qd7 25. Re6 Rf8 26. b3 Kh8 27. Qe2 Ng8 28. h4
Bf6 29. Bf4 Bxh4 30. Rxd6 Qf7 31. g3 Bf6 32. Re6 b6 33. Kg2 Rd8 34. Qe4 Bg7 35.
Bg5 Rf8 36. Qf4 Nf6 37. Kg1 Nh5 38. Qxf7 Rxf7 39. Re8+ Bf8 40. Bh6 Kg8 41. Ra8
Ng7 42. d6 Nf5 43. d7 Rxd7 44. Rxf8# 1-0

[Event "XtraCon-Skakligaen"]
[Site "Denmark"]
[Date "2015.01.10"]
[Round "4.5"]
[White "Lindestrom, Torsten"]
[Black "Pedersen, Nicolai Vesterbaek"]
[Result "0-1"]
[WhiteElo "2224"]
[BlackElo "2400"]
[PlyCount "56"]
[EventDate "2014.10.25"]
[EventType "team-tourn"]
[EventRounds "9"]
[EventCountry "DEN"]
[WhiteTeam "Esbjerg"]
[BlackTeam "Skanderborg"]
[WhiteTeamCountry "DEN"]
[BlackTeamCountry "DEN"]

1. d4 Nf6 2. c4 e6 3. g3 c5 4. d5 exd5 5. cxd5 b5 6. Bg2 d6 7. a4 b4 8. e4 Ba6
9. Ne2 Nbd7 10. b3 g6 11. Bb2 Bg7 12. O-O O-O 13. Re1 Re8 14. Nc1 Re7 15. Nd2
Qe8 16. Nc4 Bxc4 17. bxc4 Nb6 18. Qc2 b3 19. Qxb3 Rb8 20. Bxf6 Bxf6 21. Rb1 Nd7
22. Qc2 Rxb1 23. Qxb1 Nb6 24. Qb3 Qxa4 25. Qxa4 Nxa4 26. Nb3 Bc3 27. Rc1 Rb7
28. Na1 Rb2 0-1

[Event "XtraCon-Skakligaen"]
[Site "Denmark"]
[Date "2015.01.10"]
[Round "4.6"]
[White "Pedersen, Steffen"]
[Black "Maarup, Michael"]
[Result "1/2-1/2"]
[WhiteElo "2417"]
[BlackElo "2152"]
[PlyCount "55"]
[EventDate "2014.10.25"]
[EventType "team-tourn"]
[EventRounds "9"]
[EventCountry "DEN"]
[WhiteTeam "Skanderborg"]
[BlackTeam "Esbjerg"]
[WhiteTeamCountry "DEN"]
[BlackTeamCountry "DEN"]

1. d4 e6 2. c4 d5 3. Nf3 Nf6 4. Nc3 c5 5. cxd5 exd5 6. g3 Nc6 7. Bg2 cxd4 8.
Nxd4 Be7 9. O-O O-O 10. Be3 Re8 11. Rc1 Bg4 12. h3 Be6 13. Nxe6 fxe6 14. Na4
Nd7 15. Bd2 Nb6 16. e4 d4 17. Qb3 Nxa4 18. Qxa4 Qb6 19. Rfd1 e5 20. Bf1 Rf8 21.
Bb5 Rac8 22. Be1 a6 23. Bxc6 Rxc6 24. Rxc6 Qxc6 25. Qxc6 bxc6 26. Kf1 c5 27. b3
Rc8 28. Rc1 1/2-1/2

[Event "XtraCon-Skakligaen"]
[Site "Denmark"]
[Date "2015.01.10"]
[Round "4.7"]
[White "Hansen, Stefan"]
[Black "Boe, Mads"]
[Result "0-1"]
[WhiteElo "2102"]
[BlackElo "2351"]
[PlyCount "68"]
[EventDate "2014.10.25"]
[EventType "team-tourn"]
[EventRounds "9"]
[EventCountry "DEN"]
[WhiteTeam "Esbjerg"]
[BlackTeam "Skanderborg"]
[WhiteTeamCountry "DEN"]
[BlackTeamCountry "DEN"]

1. c4 c6 2. g3 d5 3. Nf3 Nf6 4. Bg2 Bf5 5. cxd5 cxd5 6. Qb3 Qd7 7. Nc3 Nc6 8.
d3 e5 9. O-O Be7 10. Bg5 Be6 11. Qa4 O-O 12. e4 d4 13. Ne2 Rfc8 14. Rfc1 Qd6
15. Bd2 Nd7 16. Ne1 b5 17. Qd1 a5 18. f4 f6 19. f5 Bf7 20. g4 a4 21. h4 Nb4 22.
Rxc8+ Rxc8 23. b3 axb3 24. axb3 Qc6 25. Rb1 Na2 26. Ra1 Nc3 27. Bxc3 dxc3 28.
Qc2 Qb6+ 29. Kh1 b4 30. Nf3 Bc5 31. g5 Be3 32. Bh3 Nc5 33. Rb1 Rd8 34. Ne1 Bd2
0-1

[Event "XtraCon-Skakligaen"]
[Site "Denmark"]
[Date "2015.01.10"]
[Round "4.8"]
[White "Hansen, Mads"]
[Black "Jensen, Henrik Tranberg"]
[Result "1-0"]
[WhiteElo "2320"]
[BlackElo "2057"]
[PlyCount "67"]
[EventDate "2014.10.25"]
[EventType "team-tourn"]
[EventRounds "9"]
[EventCountry "DEN"]
[WhiteTeam "Skanderborg"]
[BlackTeam "Esbjerg"]
[WhiteTeamCountry "DEN"]
[BlackTeamCountry "DEN"]

1. e4 g6 2. d4 Bg7 3. Nc3 d6 4. g3 Nf6 5. Bg2 O-O 6. Nge2 Nbd7 7. O-O e5 8. h3
Re8 9. Be3 b6 10. d5 Ba6 11. a4 Bxe2 12. Qxe2 a5 13. Rfd1 Nc5 14. Qf3 Nfd7 15.
h4 Qe7 16. Bh3 h6 17. Nb5 Na6 18. Ra3 Ndc5 19. c3 Rf8 20. h5 g5 21. Bd2 Qe8 22.
Qe2 Qe7 23. b4 Nb7 24. Raa1 Bf6 25. Na3 Kg7 26. Nc4 Qd8 27. Kh1 Qe8 28. Ne3
axb4 29. cxb4 Nb8 30. Rdc1 Bd8 31. Bc8 Ra7 32. Qg4 c5 33. dxc6 Qxc6 34. Rxc6
1-0

[Event "XtraCon-Skakligaen"]
[Site "Denmark"]
[Date "2015.01.10"]
[Round "4.1"]
[White "Kjartansson, Gudmundur"]
[Black "Schandorff, Lars"]
[Result "1/2-1/2"]
[WhiteElo "2439"]
[BlackElo "2532"]
[PlyCount "55"]
[EventDate "2014.10.25"]
[EventType "team-tourn"]
[EventRounds "9"]
[EventCountry "DEN"]
[WhiteTeam "Jetsmark"]
[BlackTeam "Hillerod"]
[WhiteTeamCountry "DEN"]
[BlackTeamCountry "DEN"]

1. d4 d5 2. c4 c6 3. Nc3 Nf6 4. e3 e6 5. Nf3 Nbd7 6. Bd3 dxc4 7. Bxc4 b5 8. Bd3
Bd6 9. O-O Bb7 10. a3 O-O 11. Qc2 Rc8 12. b4 c5 13. bxc5 Bxf3 14. gxf3 Nxc5 15.
dxc5 Rxc5 16. f4 Nd5 17. Bb2 Nxc3 18. Bxc3 Qc7 19. Rfc1 Rc8 20. Bb4 Rxc2 21.
Rxc2 Qxc2 22. Bxc2 Bxb4 23. axb4 Rxc2 24. Rxa7 g5 25. Rb7 gxf4 26. exf4 Rc4 27.
Rxb5 Rxf4 28. Kg2 1/2-1/2

[Event "XtraCon-Skakligaen"]
[Site "Denmark"]
[Date "2015.01.10"]
[Round "4.2"]
[White "Borge, Nikolaj"]
[Black "Jensen, Bjarke"]
[Result "1-0"]
[WhiteElo "2383"]
[BlackElo "2351"]
[PlyCount "103"]
[EventDate "2014.10.25"]
[EventType "team-tourn"]
[EventRounds "9"]
[EventCountry "DEN"]
[WhiteTeam "Hillerod"]
[BlackTeam "Jetsmark"]
[WhiteTeamCountry "DEN"]
[BlackTeamCountry "DEN"]

1. e4 Nf6 2. e5 Nd5 3. Nf3 d6 4. d4 dxe5 5. Nxe5 c6 6. Nd2 Nd7 7. Ndf3 Nxe5 8.
Nxe5 g6 9. g3 Bg7 10. Bg2 Bf5 11. c3 Qc7 12. O-O Rd8 13. Qa4 a6 14. Qb3 O-O 15.
c4 Nf6 16. Bf4 Qc8 17. Rfd1 Nd7 18. Nf3 b5 19. Rac1 bxc4 20. Rxc4 Nf6 21. Qa3
Nd5 22. Bd2 Be4 23. Ba5 Rd6 24. Rdc1 Qb7 25. b3 Rf6 26. Ne1 Bxg2 27. Nxg2 Re6
28. Bd2 Rd8 29. Qc5 Qb5 30. Qxb5 cxb5 31. Rc8 Red6 32. Ba5 Rxc8 33. Rxc8+ Bf8
34. Ne3 f5 35. Kf1 Nxe3+ 36. fxe3 Kf7 37. Ke2 Bh6 38. Kd3 Re6 39. Bd2 Bg5 40.
Rb8 h5 41. a4 bxa4 42. bxa4 Rd6 43. a5 e5 44. Rb6 Ke6 45. Bb4 e4+ 46. Kc4 Rxb6
47. axb6 Kd7 48. Kd5 Bd8 49. Bc5 a5 50. b7 Bc7 51. Ba7 a4 52. Kc4 1-0

[Event "XtraCon-Skakligaen"]
[Site "Denmark"]
[Date "2015.01.10"]
[Round "4.3"]
[White "Wiwe, Andreas"]
[Black "Percivaldi, Martin"]
[Result "1/2-1/2"]
[WhiteElo "2301"]
[BlackElo "2324"]
[PlyCount "79"]
[EventDate "2014.10.25"]
[EventType "team-tourn"]
[EventRounds "9"]
[EventCountry "DEN"]
[WhiteTeam "Jetsmark"]
[BlackTeam "Hillerod"]
[WhiteTeamCountry "DEN"]
[BlackTeamCountry "DEN"]

1. d4 d5 2. Nf3 Nf6 3. c4 c6 4. g3 a6 5. Bg2 b5 6. cxd5 cxd5 7. O-O e6 8. a4 b4
9. Nbd2 Be7 10. Ne5 Bb7 11. Nb3 Nbd7 12. Nd3 a5 13. Bg5 Qb6 14. Rc1 Bc6 15.
Nbc5 Nxc5 16. Nxc5 h6 17. Bxf6 Bxf6 18. f4 O-O 19. e3 Be7 20. b3 Rfd8 21. Rf2
Be8 22. Bh3 Ra7 23. Nd3 Bd7 24. Rfc2 Rb8 25. Ne5 Qd8 26. Bf1 Bd6 27. Bd3 Be8
28. Qe2 Rc7 29. Rxc7 Bxc7 30. Nc6 Bxc6 31. Rxc6 Bd6 32. Qc2 Kf8 33. Kg2 Ke7 34.
Bb5 g6 35. h3 h5 36. g4 hxg4 37. hxg4 Kf6 38. g5+ Kg7 39. Kg1 Kf8 40. Ba6
1/2-1/2

[Event "XtraCon-Skakligaen"]
[Site "Denmark"]
[Date "2015.01.10"]
[Round "4.4"]
[White "Jaksland, Tim"]
[Black "Thybo, Jesper Sondergaard"]
[Result "1/2-1/2"]
[WhiteElo "2277"]
[BlackElo "2334"]
[PlyCount "47"]
[EventDate "2014.10.25"]
[EventType "team-tourn"]
[EventRounds "9"]
[EventCountry "DEN"]
[WhiteTeam "Hillerod"]
[BlackTeam "Jetsmark"]
[WhiteTeamCountry "DEN"]
[BlackTeamCountry "DEN"]

1. Nf3 c5 2. c4 Nc6 3. g3 g6 4. Bg2 Bg7 5. Nc3 e6 6. d4 cxd4 7. Nb5 d5 8. cxd5
Qa5+ 9. Nd2 Qxb5 10. dxc6 Ne7 11. a4 Qb6 12. Nc4 Qb4+ 13. Bd2 Qxc4 14. cxb7
Bxb7 15. Bxb7 Rb8 16. Rc1 Qa2 17. Ba6 O-O 18. b4 Qa3 19. O-O Nd5 20. Ra1 Qb2
21. Rb1 Qa3 22. Ra1 Qb2 23. Rb1 Qa3 24. Ra1 1/2-1/2

[Event "XtraCon-Skakligaen"]
[Site "Denmark"]
[Date "2015.01.10"]
[Round "4.5"]
[White "Helledie, Anders"]
[Black "Ostergaard, Jens"]
[Result "1-0"]
[WhiteElo "2266"]
[BlackElo "2236"]
[PlyCount "105"]
[EventDate "2014.10.25"]
[EventType "team-tourn"]
[EventRounds "9"]
[EventCountry "DEN"]
[WhiteTeam "Jetsmark"]
[BlackTeam "Hillerod"]
[WhiteTeamCountry "DEN"]
[BlackTeamCountry "DEN"]

1. e4 c5 2. Nc3 Nc6 3. g3 g6 4. Bg2 Bg7 5. d3 d6 6. Be3 e6 7. Qd2 Nd4 8. Nd1 h5
9. c3 Nc6 10. f4 Nge7 11. Nf3 b6 12. O-O Ba6 13. Ng5 d5 14. e5 Rc8 15. Bf2 Qd7
16. h3 Na5 17. Re1 Qa4 18. b3 Qb5 19. Nb2 Bb7 20. g4 hxg4 21. hxg4 Qd7 22. Rad1
Bh6 23. Bh4 d4 24. c4 Bxg5 25. Bxg5 Rh7 26. Qf2 Bxg2 27. Qxg2 Qc6 28. Rd2 Kd7
29. Nd1 Rch8 30. Qxc6+ Naxc6 31. Nf2 Rh2 32. Red1 Nb4 33. a3 Nbd5 34. cxd5 Nxd5
35. Ne4 Rh1+ 36. Kf2 R1h2+ 37. Kf3 R8h3+ 38. Ng3 Nc3 39. Rxh2 Rxh2 40. Rh1 Rd2
41. Rh7 Rxd3+ 42. Kg2 Nd5 43. Rxf7+ Ke8 44. Rxa7 Ne3+ 45. Kg1 Nxg4 46. Ne4 Rd1+
47. Kg2 Kf8 48. Ra8+ Kf7 49. Nd6+ Kg7 50. Ra7+ Kf8 51. Bf6 Ne3+ 52. Kf3 Rf1+
53. Ke2 1-0

[Event "XtraCon-Skakligaen"]
[Site "Denmark"]
[Date "2015.01.10"]
[Round "4.7"]
[White "Rathlev, Jakob"]
[Black "Montgomery, Jan Elkjaer Frantse"]
[Result "1/2-1/2"]
[WhiteElo "2238"]
[BlackElo "2149"]
[PlyCount "47"]
[EventDate "2014.10.25"]
[EventType "team-tourn"]
[EventRounds "9"]
[EventCountry "DEN"]
[WhiteTeam "Jetsmark"]
[BlackTeam "Hillerod"]
[WhiteTeamCountry "DEN"]
[BlackTeamCountry "DEN"]

1. Nf3 d5 2. d4 Nf6 3. Bg5 Nbd7 4. e3 e6 5. Nbd2 Be7 6. Bd3 c5 7. c3 O-O 8. O-O
b6 9. Qb1 h6 10. Bh4 Bb7 11. b4 cxb4 12. cxb4 Ne4 13. Bxe7 Qxe7 14. Nxe4 dxe4
15. Bxe4 Bxe4 16. Qxe4 Qxb4 17. Qc6 Rfd8 18. Rfc1 Qa5 19. Rc2 e5 20. Rac1 exd4
21. Nxd4 Ne5 22. Qe4 Qd5 23. Qf5 g6 24. Qh3 1/2-1/2

[Event "XtraCon-Skakligaen"]
[Site "Denmark"]
[Date "2015.01.10"]
[Round "4.8"]
[White "Nilsson, Lars Kjoller"]
[Black "Grubert, Christian"]
[Result "1/2-1/2"]
[WhiteElo "1976"]
[BlackElo "2138"]
[PlyCount "23"]
[EventDate "2014.10.25"]
[EventType "team-tourn"]
[EventRounds "9"]
[EventCountry "DEN"]
[WhiteTeam "Hillerod"]
[BlackTeam "Jetsmark"]
[WhiteTeamCountry "DEN"]
[BlackTeamCountry "DEN"]

1. e4 c5 2. Nf3 g6 3. Nc3 Bg7 4. Be2 Nc6 5. d3 d6 6. O-O Nf6 7. Bg5 O-O 8. Qd2
Rb8 9. Bh6 Nd4 10. Bxg7 Kxg7 11. Rfe1 b5 12. Nd1 1/2-1/2

[Event "XtraCon-Skakligaen"]
[Site "Denmark"]
[Date "2015.01.10"]
[Round "4.1"]
[White "Sorensen, Jan"]
[Black "Matthiesen, Arne"]
[Result "1-0"]
[WhiteElo "2431"]
[BlackElo "2359"]
[PlyCount "117"]
[EventDate "2014.10.25"]
[EventType "team-tourn"]
[EventRounds "9"]
[EventCountry "DEN"]
[WhiteTeam "AarhusSkolerne"]
[BlackTeam "SK1968"]
[WhiteTeamCountry "DEN"]
[BlackTeamCountry "DEN"]

1. e4 g6 2. d4 Bg7 3. Nc3 d6 4. f4 Nf6 5. Nf3 O-O 6. Be2 c5 7. dxc5 Qa5 8. O-O
Qxc5+ 9. Kh1 Nc6 10. Bd3 Bg4 11. Qe1 Bxf3 12. Rxf3 e6 13. a3 Nd4 14. Rf1 Qa5
15. Bd2 Qd8 16. f5 Nd7 17. Qg3 Ne5 18. Bg5 Bf6 19. Bxf6 Qxf6 20. fxe6 Qxe6 21.
Nd5 Rad8 22. Rf6 Qg4 23. Qe3 Ndc6 24. Be2 Qd7 25. Raf1 Ne7 26. Nxe7+ Qxe7 27.
Qxa7 Nd7 28. R6f4 Nc5 29. Bc4 Qe5 30. Qb6 Rd7 31. Bd5 Re7 32. b4 Na4 33. Qf2
Nc3 34. Bxf7+ Kg7 35. Bc4 Rxf4 36. Qxf4 Qxf4 37. Rxf4 g5 38. Rf1 Rxe4 39. Bd3
Re8 40. Kg1 Ra8 41. Rf5 h6 42. Ra5 Rf8 43. Ra7 Rf7 44. a4 d5 45. a5 Kf6 46. b5
Na4 47. a6 Nc5 48. Kf2 Ke5+ 49. Ke3 d4+ 50. Kd2 Kd6 51. Ra8 bxa6 52. bxa6 Rf2+
53. Ke1 Nxd3+ 54. cxd3 Ra2 55. a7 Kc7 56. Rh8 Kb7 57. a8=Q+ Rxa8 58. Rxa8 Kxa8
59. Kf2 1-0

[Event "XtraCon-Skakligaen"]
[Site "Denmark"]
[Date "2015.01.10"]
[Round "4.2"]
[White "Bank, Pelle Rodkjaer"]
[Black "Rasmussen, Karsten"]
[Result "0-1"]
[WhiteElo "2329"]
[BlackElo "2424"]
[PlyCount "76"]
[EventDate "2014.10.25"]
[EventType "team-tourn"]
[EventRounds "9"]
[EventCountry "DEN"]
[WhiteTeam "SK1968"]
[BlackTeam "AarhusSkolerne"]
[WhiteTeamCountry "DEN"]
[BlackTeamCountry "DEN"]

1. d4 d5 2. Nc3 c6 3. Bf4 Qb6 4. Rb1 Nf6 5. e3 Bf5 6. Bd3 Bxd3 7. cxd3 Nbd7 8.
Nf3 e6 9. O-O Be7 10. h3 O-O 11. b4 Ne8 12. Na4 Qd8 13. Nc5 Qc8 14. Qb3 Bd6 15.
Bxd6 Nxd6 16. Rfc1 Re8 17. a4 a6 18. Ne5 Nf8 19. Qc3 Qc7 20. f4 f6 21. Nf3 Ng6
22. h4 h5 23. Qe1 Qf7 24. Rc2 Re7 25. g3 e5 26. dxe5 fxe5 27. Ng5 Qf5 28. Qd1
exf4 29. exf4 Re3 30. Kh2 Qg4 31. Qxg4 hxg4 32. b5 axb5 33. axb5 cxb5 34. Nce6
Rxd3 35. f5 Nxf5 36. Rf1 Nd6 37. Rc7 Ne8 38. Rff7 Ra2+ 0-1